=LDR 00000nam 2200000 4500 =001 NUTBA000000000002385 =005 20140613152616.0 =006 =007 =008 =020 ##$$a 978-602-8661-86-7 =035 ##$$a 0010-061400000000328 =040 ##$$a NBPDMAT =082 ##$$a 612.3 =090 ##$$a 612.3 $b Cor k =100 ##$$a Cornelia =245 ##$$a Konseling gizi / $c Cornelia =250 ##$$a Cet.1 =260 ##$$a Jakarta : $b Penebar Swadaya Plus, $c 2013 =300 ##$$a iv, 180 hlm. $b ilus. ; $c 23 cm. =500 ##$$a Bibliografi : hlm. 151 =650 ##$$a Gizi - Konseling =850 ##$$a NBPDMAT =990 ##$$a 21401367